| 000 | 02226nam a22002777a 4500 | ||
|---|---|---|---|
| 005 | 20240305165636.0 | ||
| 007 | cr|||| |||| | ||
| 008 | 220719s2022 br |||||s|||| 00||0 por d | ||
| 020 | _a978658935188-7 | ||
| 035 | _a36727 | ||
| 040 | _avLex | ||
| 090 |
_c13589 _d13589 |
||
| 100 | 1 | _aZuardi, Felícia | |
| 245 | 1 | 2 |
_aAs práticas colaborativas sob a perspectiva da experiência brasileira _h[Recurso electrónico] / _cFelícia Zuardi, Celia Caiuby, Livia Caetano _nVOL. II |
| 256 | _aServicio en línea | ||
| 260 |
_aRio de Janeiro: _bEditora Processo, _c2022 |
||
| 300 | _a1 recurso electrónico | ||
| 500 | _aUma realização da comissão especial de práticas colaborativas da OAB/RJ - VOL. II. Em meados de 2021, tivemos a honra e a responsabilidade de lançar, pela mesma editora Processo, o primeiro volume da obra coletiva Práticas Colaborativas sob a perspectiva da experiência brasileira. Este livro reuniu uma coletânea de artigos de múltiplos autores, com formações diversas e visões diferentes sobre as Práticas Colaborativas e temas afins. A obra foi coordenada com muito empenho, porque para nós, fazia muito sentido falar sobre o método, no contexto brasileiro. O retorno dos leitores seguiu o mesmo caminho. Muitos nos procuram para enfatizar a relevância do debate e da produção de material de consulta com base na cultura, experiência e realidade brasileira sobre o tema, o que nos gerou entusiasmo e a certeza de que estávamos no caminho certo. Assim, percebendo que outros assuntos poderiam ser explorados e desenvolvidos, e, ainda, que existiam profissionais altamente qualificados para escrevê-los, constatamos que seria um desperdício não organizar um segundo volume. | ||
| 506 | 1 |
_aDisponible solo en los productos indicados _dvLex Global _dvLex Global (Academic Edition, excluding Law Schools) _dvLex Global (U.S. Academic Edition, Law Schools) _dvLex Global (U.S. Academic Edition, excluding Law Schools) _dvLex Global (Academic Edition, Law Schools) |
|
| 650 | 0 | 4 |
_aFamilia y Sucesiones _zBrasil |
| 700 | 1 | _aCaiuby, Celia | |
| 700 | 1 | _aCaetano, Livia | |
| 740 | 0 | _avLex Libros (Servicio en línea) | |
| 856 | 4 | 0 | _uhttps://app.vlex.com/#/sources/36727 |
| 942 | _cRAA | ||
| 999 |
_c171825 _d171825 |
||